000 00653nam a22001937a 4500
005 20250127113838.0
010 _aENG-143601
020 _a9788178312248
_c350.00
035 _aEN-127133
037 _bDBAD
082 _a328.54
100 _aNalindi Kumari
_977087
245 _aParliamentary control over administration in India:
_bwith reference to the role of DRSCs/
_cby Nalindi Kumari
260 _aNew Delhi
_bManak Publications Pvt Ltd.
_c2010
270 _aB-7, Saraswati Complex, Subhash Chowk, Laxmi Nagar
_bNew Delhi
_e110092
300 _a209p.
_c22cm(Hb)
500 _aIncludes index
942 _2ddc
_cEN
_mNAL
_h328.54
999 _c208789
_d208789